000 01136cam a2200325 i 4500
999 _c47130
_d47130
001 768714001
003 CO-MdFUSB
005 20240531062744.0
007 ta
008 080628s2008 enk b 001 0 eng d
020 _a9780281058662
020 _a0281058660
040 _aBTCTA
_cCO-MdFUSB
_dYDXCP
_dCO-MdFUSB
_dCO-MdFUSB
_bEspañol
_erda
041 _aeng
082 _224
_aG 259.4
_bC321p
100 1 _aCarson, Marion L. S.
_eautor
245 1 4 _aThe pastoral care of people with mental health problems
_c/ Marion L. S. Carson.
264 1 _aLondres :
_bSPCK,
_c[2008]
264 4 _c© 2008
300 _axxiv, 168 páginas ;
_c22 cm.
336 _2rdacontent.
_atexto
_btxt
337 _2rdamedia.
_asin mediación
_bn
338 _2rdacarrier.
_avolumen
_bnc
504 _aIncluye referencias bibliográficas (páginas [151]-163)
505 _aTrastornos del estado de ánimo - Ansiedad, fobias y estrés - Esquizofrenia - Adicciones - Demencia - Desorden alimentario y heridas autoinfligidas - Trastornos de la personalidad
563 _aRústico
650 7 _aCristianismo
_2
_922
942 _cBK
945 _aJTF-925